书目信息 |
| 题名: |
有机硅合成工艺及产品应用
|
|
| 作者: | 王一璐 , 幸松民 编著 | |
| 分册: | ||
| 出版信息: | 北京 化学工业出版社 2000 |
|
| 页数: | 834 | |
| 开本: | 26cm | |
| 丛书名: | ||
| 单 册: | ||
| 中图分类: | TQ264.1 | |
| 科图分类: | ||
| 主题词: | 元素有机化合物--生产 | |
| 电子资源: | ||
| ISBN: | 7-5025-2858-X | |
| 000 | 00627nam0 2200193 450 | |
| 001 | 0754114953 | |
| 005 | 20070929150154.95 | |
| 010 | @a7-5025-2858-X | |
| 100 | @a20070929d km y0chiy0120 ea | |
| 101 | 0 | @achi |
| 200 | 1 | @a有机硅合成工艺及产品应用@Ayou ji gui he cheng gong yi ji chan pin ying yong@f幸松民,王一璐 编著@Fxing song min,wang yi lu bian zhu |
| 210 | @a北京@c化学工业出版社@d2000 | |
| 215 | @a834@c插图@d26cm | |
| 606 | 0 | @a元素有机化合物@x生产 |
| 690 | @aTQ264.1@v3 | |
| 701 | 0 | @a王一璐@Awang yi lu@4编著 |
| 701 | 0 | @a幸松民@Axing song min@4编著 |
| 801 | 0 | @aCN@bPFT@c20070929 |
| 905 | @a213230@dTQ264.1@eh86@f1 | |
| 有机硅合成工艺及产品应用/幸松民,王一璐 编著.-北京:化学工业出版社,2000 |
| 834:插图;26cm |
| ISBN 7-5025-2858-X: |
| ● |
| 相关链接 |
|
|
|
|
正题名:有机硅合成工艺及产品应用
索取号:TQ264.1/h86
 
预约/预借
| 序号 | 登录号 | 条形码 | 馆藏地/架位号 | 状态 | 备注 |
| 1 | 6001233 | 260012337 | 密集书库-化学系/ [索取号:TQ264.1/h86] | 在馆 |